000 00361nam a2200157Ia 4500
100 _aTonu/M.A.Hossain
650 _aPHP
942 _cBK
366 _f25
245 _aPHP Application development with Net Beans Begineers guide
260 _bPackt publishers
_c2012
082 _a5.1
_bTON
300 _a283
546 _aENGLISH
_celectronics
999 _c30217
_d30217